000
00249nam a2200097Ia 4500
008
240331s9999 xx 000 0 und d
082
_b
STR
100
_a
Strathern, Alan
245
4
_a
The Royal 'We' :
_b
Sinhala Identity in the Dynastic State
942
_c
L
999
_c
5434
_d
5434